Catálogo
 En Linea

Reader´s Digest : selecciones. (Registro nro. 34944)

Detalles MARC
000 -CABECERA
campo de control de longitud fija 00232nam a2200097 a 4500
005 - FECHA Y HORA DE LA ÚLTIMA TRANSACCIÓN
campo de control 20200930074343.0
008 - DATOS DE LONGITUD FIJA--INFORMACIÓN GENERAL
campo de control de longitud fija 111101s2001 000 spa d
040 ## - FUENTE DE LA CATALOGACIÓN
Centro catalogador/agencia de origen DO-SdBNP
245 #0 - MENCIÓN DE TÍTULO
Título Reader´s Digest : selecciones.
260 ## - PUBLICACIÓN, DISTRIBUCIÓN, ETC.
Fecha de publicación, distribución, etc. 2001.

No hay ítems disponibles.

Con tecnología Koha